LEADER 03707nam1 22006013i 450 001 SBL0496609 005 20251003044355.0 020 $aIT$b591679 100 $a19980904d1959 ||||0itac50 ba 101 | $aita$cita 102 $ait 181 1$6z01$ai $bxxxe 182 1$6z01$an 183 1$6z01$anc$2RDAcarrier 200 1 $aˆLa ‰citta futura$esaggi sulla figura e il pensiero di Antonio Gramsci$fa cura di Alberto Caracciolo e Gianni Scalia 210 $aMilano$cG. Feltrinelli$d1959 215 $a388 p.$d23 cm. 225 | $aˆI ‰fatti e le idee$v14 410 0$1001CFI0005763$12001 $aˆI ‰fatti e le idee$v14 464 1$1001UBO4316069$12001 $aˆIl ‰rapporto col leninismo e il problema della rivoluzione italiana$fCarlo Cicerchia.$1700 1$aCicerchia$b, Carlo$3LO1V147327 464 1$1001UBO4316076$12001 $aˆIl ‰movimento operaio torinese durante la prima guerra mondiale$fEzio Avigdor.$1700 1$aAvigdor$b, Ezio$3TO0V057821 464 1$1001UBO4316082$12001 $aSerrati, Bordiga e la polemica gramsciana contro il blanquismo o settarismo di partito$fAlberto Caracciolo.$1700 1$aCaracciolo$b, Alberto$f <1926-2002>$3CFIV014153 464 1$1001UBO4316087$12001 $aFasi di sviluppo del pensiero politico di Gramsci$fGiuseppe Tamburrano.$1700 1$aTamburrano$b, Giuseppe$3CFIV000493 464 1$1001UBO4316091$12001 $aTra materialismo dialettico e filosofia della prassi$eGramsci e Labriola$fMario Tronti.$1700 1$aTronti$b, Mario$3CFIV039208 464 1$1001UBO4316095$12001 $aGramsci e Labriola$fAlfeo Bertondini.$1700 1$aBertondini$b, Alfeo$3CFIV053755 464 1$1001UBO4316117$12001 $aFilosofia della prassi e filosofia dello spirito$fEmilio Agazzi.$1700 1$aAgazzi$b, Emilio$3CFIV043466 464 1$1001UBO4316120$12001 $aFilosofia della prassi e ricerca scientifica$fRoberto Guiducci.$1700 1$aGuiducci$b, Roberto$3CFIV007267 464 1$1001UBO4316129$12001 $aˆLa ‰componente linguistica dello storicismo gramsciano$fLuigi Rosiello.$1700 1$aRosiello$b, Luigi$f <1930-1993>$3CFIV010142 464 1$1001UBO4316134$12001 $aMetodologia e sociologia della letteratura in Gramsci$fGianni Scalia$1700 1$aScalia$b, Gianni$3CFIV065131 464 1$1001UBO4316137$12001 $aA proposito di estetica in Gramsci$fArmanda Guiducci.$1700 1$aGuiducci$b, Armanda$3CFIV010094$4070 500 11$aˆLa ‰città futura : saggi sulla figura e il pensiero di Antonio Gramsci$3TSA1869725$94327108 606 $aGRAMSCI, ANTONIO$xSAGGI$2FIR$3MILC014170$9I 606 $aMovimento operaio$xTorino$x1911-1917$2FIR$3SBLC091637$9I 676 $a320$9SCIENZA POLITICA (POLITICA E GOVERNO)$v12 676 $a320.4$9STRUTTURA E FUNZIONI DEL GOVERNO$v21 676 $a335.4$9SISTEMI MARXISTI$v21 676 $a335.4$9SISTEMI MARXISTI$v23 676 $a335.4092$9SISTEMI MARXIANI. Persone$v20 686 $aC.i.10$cPartito comunista italiano. Dibattito teorico, opere storiche$2F 696 $aOpposizione operaia 699 $aMovimento operaio$zOpposizione operaia 702 1$aCaracciolo$b, Alberto$f <1926-2002>$3CFIV014153$4340 702 1$aScalia$b, Gianni$3CFIV065131$4340 790 1$aCaracciolo$b, Alberto Maria$3CFIV233354$zCaracciolo, Alberto <1926-2002> 801 3$aIT$bIT-000000$c19980904 850 $aIT-BN0095 $aIT-NA0079 901 $bNAP 01$cDEMARCO $n$ 912 $aSBL0496609 950 1$aBiblioteca Centralizzata di Ateneo$c1 v.$d 01DEMARCO MON. 112$e 01 0000097895 VMA 1 v.$fA $h20230504$i20240827 967 $n11 977 $a 01$a BN 996 $aCittà futura : saggi sulla figura e il pensiero di Antonio Gramsci$94327108 997 $aUNISANNIO